Представление документа в формате RUSMARC

ПолеНазваниеЗначение
  Тип записи i
  Библиографический уровень m
001 Контрольный номер RU/IS/BASE/418908304
005 Дата корректировки 20250217161816.0
010 Индекс ISBN __
d Цена 165-20
101 Язык документа 0_
a Язык текста rus
200 Заглавие и сведения об ответственности 1_
a Заглавие Мертвые души
e Сведения, относящиеся к заглавию [поэма : аудиокнига]
f Первые сведения об ответственности Н. В. Гоголь ; читает нар. артист СССР Михаил Ульянов
b Общее обозначение материала Звукозапись
210 Выходные данные 1_
a Место издания М.
c Издательство Равновесие
d Дата издания 2012
215 Физическое описание __
a Объем 1 электрон. опт. диск (Audio CD) (06 ч. 20 мин.)
225 Серия 2_
a Серия Русская классика
225 Серия 2_
a Серия Аудиоспектакль
300 Общие примечания __
a Общие примечания CD-плеер с поддержкой MP3 или Pentium-II ; Windows 2000/XP/Vista 7 ; CD/DVD-ROM ; звуковая карта
323 Примечание о главных создателях, исполнителях, участниках __
a Примечание о главных создателях, исполнителях, участниках Ульянов, М. (читает)
330 Аннотация __
a Аннотация На диске представлено одно из самых сильных и неоднозначных произведений Н.В.Гоголя - поэма в прозе "Мертвые души". Работа над произведением явилась для Гоголя длительным процессом человеческого и писательского самопознания. Согласно авторскому замыслу, вся Русь должна была явиться в поэме. И действительно, "Мертвые души" стали главным произведением Гоголя по глубине и масштабу художественных обобщений.
333 Примечание о целевом назначении __
a Примечание о целевом назначении 12+. Для детей старше 12 лет
606 Тематические рубрики __
a Основная рубрика Художественная литература
606 Тематические рубрики __
a Основная рубрика Русская литература XIX в. (произведения)
610 Ключевые слова 0_
a Ключевые слова поэмы; литературные персонажи; Чичиков; повести; тема города; тема крестьянства; тема мещанства; тема чиновничества; крепостной строй; крепостничество; литературные персонажи; поэмы в прозе
686 Индексы других классификаций __
a Классификационный индекс 84(2=411.2)52-4я04
700 Автор _1
a Фамилия Гоголь
b Имя Н. В.
f Даты 1809-1852
g Полное личное имя Николай Васильевич
4 Код отношения 070
801 Источник записи _0
a Страна RU
b Организация Муниципальное бюджетное учреждение культуры "Централизованная библиотечная система" г. Сургут (Центральная городская библиотека им. А. С. Пушкина)
g Правила каталогизации КиК/Апакова
801 Источник записи _1
a Страна RU
b Организация Муниципальное бюджетное учреждение культуры "Централизованная библиотечная система" г. Сургут (Центральная городская библиотека им. А. С. Пушкина)
g Правила каталогизации КиК/Апакова
852 Данные о местонахождении __
j Шифр хранения 84(2=411.2)52-4я04
i Авторский знак Г 58
901 Тип документа __
t Тип документа 0
903 Характеристики (МАРС) __
a Дата передачи 20130410
969 Тип издания __
a Тип издания аудиокнига; издание для слепых
990 Данные о заказе (DOS) __
j Количество экземпляров (DOS) 5
h N записи в КСУ для Б/У (DOS) 201304